Song of Ice and Fire Email Addresses Quiz Stats

 Plays Quiz Updated Nov 14, 2012

Challenge
Share
Tweet
Embed
Score 0/24 Timer 06:00
2 Plays Today
Email Address Character % Correct
pimptobeimp@casterlyrock.orgTyrion Lannister
88.5%
isellonions@smugglers.netDavos Seaworth
80.4%
impregnable@theeyrie.orgLysa Tully
78.4%
sexyliciousironman@pyke.orgTheon Greyjoy
77%
littlebird@winterfell.orgSansa Stark
76.3%
badasswarhammer@stormsend.orgRobert Baratheon
74.2%
bearwithme@thekhalasar.orgJorah Mormont
73%
unstoppablelibido@thetwins.orgWalder Frey
72%
iamthedragon@pentos.orgViserys Targaryen
71.9%
bringthepayne@squires.netPodrick Payne
70.5%
niceday2flay@thedreadfort.orgRamsay Snow-Bolton
69.8%
everywallhasitsthorne@thewall.netAlliser Thorne
66.6%
Email Address Character % Correct
theotherlannister@faithofseven.orgLancel Lannister
64.9%
thefunnywhore@campfollowers.netShae
63.9%
dreamreeder@greywaterwatch.orgJojen Reed
63.2%
aman@anonymous.govJaqen H'ghar
53.5%
killitwithfire@theredkeep.orgAerys II Targaryen
48.6%
blueflower@winterfell.orgLyanna Stark
45.8%
bodaciousbabe@sunspear.orgArianne Martell
44.5%
notaprincess@wildings.incVal
44%
bluecrush69@stormcrows.orgDaario Naharis
35.3%
sirdrinksalot@knights.incDontos Hollard
33.4%
i_remember@bwb.incLady Stoneheart
24%
iknow@dragonstone.orgPatchface
20.9%

You're not logged in!

Compare scores with friends on all Sporcle quizzes.
Join for Free
OR
Log In

You Might Also Like...

Show Comments

Extras

Top Quizzes Today


Score Distribution

Your Account Isn't Verified!

In order to create a playlist on Sporcle, you need to verify the email address you used during registration. Go to your Sporcle Settings to finish the process.

Report this User

Report this user for behavior that violates our Community Guidelines.

Details: